| 000 | 01232nam a22002177a 4500 | ||
|---|---|---|---|
| 005 | 20241112100429.0 | ||
| 008 | 230713b ||||| |||| 00| 0 eng d | ||
| 040 |
_cSSBUL _dSSBUL |
||
| 082 |
_223 _a၉၅၉.၁၂၁ မြင့် _b၁၅၉၉၉ (S-SAT) |
||
| 100 |
_aမြင့်မောင်။ _927931 |
||
| 245 |
_aကယားတို့ဌာနီ ငွေတောင်ပြည် / _cမြင့်မောင်။ |
||
| 260 |
_aရန်ကုန်၊ _bစာပေဗိမာန်၊ _c၁၉၆၆။ |
||
| 300 |
_a၁၃၂ စာမျက်နှာ၊ _bရုပ်ပုံများ၊ _c၁၈ စင်တီ။ |
||
| 440 |
_aစာပေဗိမာန်ထုတ်ပြည်သူ့လက်စွဲစာစဉ်။ _927757 |
||
| 500 | _aS-SAT: Sai Aung Tun | ||
| 650 |
_aကယားတိုင်းရင်းသား _xယဉ်ကျေးမှုနှင့် ဓလေ့ထုံးစံ။ _927932 |
||
| 650 |
_aကယားတိုင်းရင်းသား _zမြန်မာနိုင်ငံ။ _954573 |
||
| 651 |
_aကယားပြည်နယ်။ _927933 |
||
| 651 |
_aမြန်မာနိုင်ငံ။ _924374 |
||
| 942 |
_2ddc _cBK1 |
||
| 999 |
_c27167 _d27167 |
||